[Event "I Festival A"]
[Site "Fano ITA"]
[Date "2012.08.01"]
[Round "3"]
[White "Rizzardi, Franco"]
[Black "Piro, Valerio"]
[WhiteElo "2026"]
[BlackElo "2013"]
[Result "0-1"]
[PlyCount "63"]
[EventDate "2012.07.30"]

1. e4 c6 2. d4 d5 3. Nd2 dxe4 4. Nxe4 Bf5 5. Ng3 Bg6 6. Bc4 e6 7. N1e2 Bd6 8.
h4 h6 9. Nf4 Bh7 10. Ngh5 Bf8 11. Qe2 Nd7 12. Bb3 Qe7 13. Bd2 O-O-O 14. O-O-O
Ngf6 15. Nd3 Nxh5 16. Qxh5 Bxd3 17. cxd3 g6 18. Qa5 Kb8 19. Rh3 Bg7 20. Be3 a6
21. Kb1 Bf8 22. Rc1 Rc8 23. a3 Qd8 24. Qd2 Nb6 25. Rf3 Rh7 26. Bf4+ Ka8 27. Be5
Nd5 28. Rh3 h5 29. Bg3 Bh6 30. f4 Rh8 31. Rf1 Ne7 32. Bh2 $138 0-1

[Event "I Festival A"]
[Site "Fano ITA"]
[Date "2012.08.01"]
[Round "3"]
[White "Sindoni, Antonio"]
[Black "Rubini, Alessandro"]
[WhiteElo "1931"]
[BlackElo "1917"]
[Result "1-0"]
[PlyCount "71"]
[EventDate "2012.07.30"]

1. e4 c5 2. Nf3 e6 3. d4 cxd4 4. Nxd4 a6 5. Nc3 Qc7 6. Bd3 b5 7. a4 b4 8. Nce2
Bb7 9. O-O Nf6 10. Ng3 Nc6 11. Nxc6 Bxc6 12. Qe2 Qb7 13. f4 Bc5+ 14. Be3 Bxe3+
15. Qxe3 d6 16. a5 O-O 17. Kh1 d5 18. e5 d4 19. Qe2 Nd5 20. Ne4 Ne3 21. Nf6+
gxf6 22. Bxh7+ Kxh7 23. Qh5+ Kg8 24. exf6 Bxg2+ 25. Kg1 Qe4 26. f5 Nxf5 27. Rf2
Bh1 28. Raf1 Ne3 29. Rf3 Nxf1 30. Kxh1 Nd2 31. Qg5+ Qg6 32. Qxd2 Kh7 33. Rh3+
Kg8 34. Rg3 e5 35. Qh6 Rfc8 36. Rxg6+ 1-0

[Event "I Festival A"]
[Site "Fano ITA"]
[Date "2012.08.01"]
[Round "3"]
[White "Solodovnichenko, Yuri"]
[Black "Rusev, Krasimir"]
[WhiteElo "2598"]
[BlackElo "2540"]
[Result "1/2-1/2"]
[PlyCount "194"]
[EventDate "2012.07.30"]

1. e4 e5 2. Nf3 Nc6 3. d4 exd4 4. Nxd4 Bc5 5. Nb3 Bb6 6. Qe2 d6 7. Nc3 Nf6 8.
Be3 Qe7 9. O-O-O Be6 10. g3 O-O-O 11. Bxb6 axb6 12. Nd5 Bxd5 13. exd5 Qxe2 14.
Bxe2 Nb4 15. Bc4 Nxa2+ 16. Kb1 Nb4 17. c3 b5 18. Bxb5 Nbxd5 19. Bc4 c6 20. Nd4
g6 21. Bxd5 Nxd5 22. Nb5 Rhe8 23. Rd2 Re6 24. Rhd1 Kd7 25. c4 cxb5 26. cxd5 Re4
27. Rc1 Rc8 28. Rxc8 Kxc8 29. Kc2 Rc4+ 30. Kd3 Kd7 31. f4 Rc5 32. Ke4 Rc4+ 33.
Ke3 Rc1 34. h4 h5 35. f5 Re1+ 36. Kf2 Re8 37. fxg6 fxg6 38. Kf3 b4 39. Rd4 b5
40. g4 b3 41. Rd3 hxg4+ 42. Kxg4 Ke7 43. Rd2 Kf6 44. Rf2+ Kg7 45. Rd2 Kh6 46.
Rd3 Re4+ 47. Kg3 Rb4 48. Re3 Rd4 49. Rxb3 Rxd5 50. Re3 Kh7 51. Rb3 Kh6 52. Rb4
Kg7 53. Rf4 Rd3+ 54. Kg4 Rb3 55. Rd4 Kh6 56. Rxd6 Rb4+ 57. Kg3 Rb3+ 58. Kg4
Rb4+ 59. Kg3 Rxb2 60. Rd7 Rb3+ 61. Kg4 Rb4+ 62. Kg3 Rc4 63. Rb7 Rc3+ 64. Kg4
Rc4+ 65. Kg3 b4 66. Kh3 Rc3+ 67. Kg4 Rc4+ 68. Kg3 Rd4 69. Kh3 Rd3+ 70. Kg4 Rd4+
71. Kg3 Re4 72. Kh3 Re3+ 73. Kg4 Re4+ 74. Kg3 Re3+ 75. Kg4 Rb3 76. Kf4 Rb1 77.
Kg3 b3 78. Kh3 g5 79. Rb6+ Kh5 80. Rb5 b2 81. Kg2 Kxh4 82. Rb4+ Kh5 83. Rb5 Kg4
84. Rb8 Kf5 85. Rb7 Kg6 86. Rb8 Kh5 87. Rb7 Kh4 88. Rb8 Rc1 89. Rxb2 Rc3 90.
Rb4+ g4 91. Rb2 Rg3+ 92. Kh2 Re3 93. Kg2 Kg5 94. Rb8 Kf4 95. Rb4+ Re4 96. Rxe4+
Kxe4 97. Kg3 Kf5 1/2-1/2

[Event "I Festival A"]
[Site "Fano ITA"]
[Date "2012.08.01"]
[Round "3"]
[White "Vincenzi, Marco"]
[Black "Varvaglione, Antonio"]
[WhiteElo "2103"]
[BlackElo "2011"]
[Result "0-1"]
[PlyCount "84"]
[EventDate "2012.07.30"]

1. e4 d6 2. d4 Nf6 3. Nc3 e5 4. Nf3 Nbd7 5. Bc4 Be7 6. O-O O-O 7. a4 c6 8. Re1
b6 9. d5 cxd5 10. Bxd5 Nxd5 11. Nxd5 Bb7 12. a5 b5 13. a6 Bc6 14. Ra3 Nc5 15.
b4 Ne6 16. Be3 Qd7 17. Rd3 Bxd5 18. Rxd5 Qc6 19. Qa1 Nc7 20. Rd3 Nxa6 21. Rc3
Qb7 22. Rb1 Nc7 23. Qa5 Ne6 24. Nd2 a6 25. Qb6 Qxb6 26. Bxb6 Rac8 27. Rbb3 Nd4
28. Bxd4 exd4 29. Rd3 Bf6 30. Ra3 Rxc2 31. Rxa6 Rfc8 32. f4 R2c3 33. Ra3 Rxa3
34. Rxa3 h6 35. h3 Rc3 36. Rxc3 dxc3 37. Nb3 c2 38. e5 dxe5 39. Kf1 exf4 40.
Ke2 f3+ 41. gxf3 Bg5 42. Kd3 c1=Q 0-1

[Event "I Festival A"]
[Site "Fano ITA"]
[Date "2012.08.01"]
[Round "4"]
[White "Brancaleoni, Maurizio"]
[Black "Sindoni, Antonio"]
[WhiteElo "2224"]
[BlackElo "1931"]
[Result "1-0"]
[PlyCount "117"]
[EventDate "2012.07.30"]

1. Nf3 Nf6 2. c4 c6 3. d4 d5 4. e3 Bf5 5. Nc3 e6 6. Nh4 Bg4 7. Qb3 Qb6 8. h3
Bh5 9. g4 Bg6 10. Nxg6 hxg6 11. Bg2 Nbd7 12. Bd2 Be7 13. g5 Nh5 14. h4 Rd8 15.
cxd5 exd5 16. Qc2 Bd6 17. O-O-O O-O 18. Rdg1 Rfe8 19. Bf3 Nf8 20. Qd1 Qc7 21.
Bxh5 gxh5 22. Qxh5 b5 23. Kb1 b4 24. Na4 Qd7 25. Qg4 Qxg4 26. Rxg4 Rb8 27. Rc1
Rec8 28. b3 Nd7 29. Rgg1 Nb6 30. Nc5 a5 31. Kb2 Kh7 32. h5 Kg8 33. g6 f6 34.
Rc2 Ra8 35. Rgc1 Ra7 36. Ra1 Nd7 37. Nxd7 Rxd7 38. Rh1 Bf8 39. Rcc1 Ra7 40. Ra1
Rb7 41. Kc2 Ra8 42. Kd3 Rd7 43. Rac1 Rc7 44. f3 f5 45. Rhe1 Re8 46. e4 fxe4+
47. fxe4 dxe4+ 48. Rxe4 Rxe4 49. Kxe4 Re7+ 50. Kd3 Re6 51. Re1 Rf6 52. Bg5 Rf5
53. Re5 Rf3+ 54. Ke4 Rf2 55. Rxa5 Rh2 56. Ra8 Rf2 57. Bf4 Rf1 58. Bd6 Re1+ 59.
Kd3 1-0

[Event "I Festival A"]
[Site "Fano ITA"]
[Date "2012.08.01"]
[Round "4"]
[White "Buriani, Andrea"]
[Black "Mandolini, Riccardo"]
[WhiteElo "2174"]
[BlackElo "2091"]
[Result "0-1"]
[PlyCount "76"]
[EventDate "2012.07.30"]

1. d4 d5 2. Nf3 Nf6 3. e3 e6 4. Bd3 Be7 5. O-O O-O 6. Nbd2 Nbd7 7. b3 b6 8. Bb2
Bb7 9. c4 c5 10. Rc1 Rc8 11. Qe2 Qc7 12. g3 Rfd8 13. Rfd1 Qb8 14. cxd5 exd5 15.
Bf5 Rc7 16. Ne5 Nf8 17. f4 Bd6 18. Qg2 Re7 19. g4 Qa8 20. g5 Ne8 21. Kf2 Nc7
22. h4 Bxe5 23. fxe5 Nfe6 24. h5 cxd4 25. exd4 Rc8 26. g6 fxg6 27. hxg6 hxg6
28. Bxe6+ Nxe6 29. Ke3 Rxc1 30. Rxc1 Qf8 31. Rf1 Rf7 32. Rf3 Rxf3+ 33. Qxf3 Qf5
34. Ke2 Ba6+ 35. Kd1 Nf4 36. Qg3 Be2+ 37. Ke1 Bg4 38. Nf1 Qb1+ 0-1

[Event "I Festival A"]
[Site "Fano ITA"]
[Date "2012.08.01"]
[Round "4"]
[White "Caprio, Guido"]
[Black "Calavalle, Giulio"]
[WhiteElo "2430"]
[BlackElo "2185"]
[Result "1-0"]
[PlyCount "69"]
[EventDate "2012.07.30"]

1. d4 d5 2. Nf3 Nf6 3. c4 e6 4. cxd5 exd5 5. Nc3 c6 6. Qc2 Be6 7. Bg5 Nbd7 8.
e3 Be7 9. Bd3 h6 10. Bh4 O-O 11. h3 c5 12. dxc5 Nxc5 13. O-O g5 14. Bg3 Rc8 15.
Rad1 Qa5 16. Qb1 Nfe4 17. Be5 Nxd3 18. Qxd3 Rfd8 19. a3 Nc5 20. Qb1 Nd7 21. Bd4
b5 22. Nh2 Rf8 23. Ng4 Bxg4 24. Nxd5 Rfe8 25. hxg4 Nb6 26. Nxe7+ Rxe7 27. Qf5
Rc6 28. Rc1 Rce6 29. f4 gxf4 30. g5 Qd2 31. gxh6 Rxh6 32. Rc8+ Nxc8 33. Qxc8+
Kh7 34. Qh8+ Kg6 35. Qg7+ 1-0

[Event "I Festival A"]
[Site "Fano ITA"]
[Date "2012.08.01"]
[Round "4"]
[White "David, Alberto"]
[Black "Arnaudov, G. Petar"]
[WhiteElo "2605"]
[BlackElo "2486"]
[Result "1-0"]
[PlyCount "73"]
[EventDate "2012.07.30"]

1. e4 e5 2. Nf3 Nc6 3. Bb5 a6 4. Ba4 Nf6 5. O-O Be7 6. Re1 b5 7. Bb3 d6 8. c3
O-O 9. h3 Bb7 10. d4 Nd7 11. Nbd2 exd4 12. cxd4 Nb4 13. Nf1 c5 14. Ng3 c4 15.
Bc2 Nxc2 16. Qxc2 g6 17. Bh6 Re8 18. Qd2 d5 19. e5 Nf8 20. Bg5 Bc8 21. Bxe7
Qxe7 22. Ng5 h6 23. Nf3 Kh7 24. Re3 a5 25. Rae1 Ne6 26. Ne2 Ng7 27. Nf4 Be6 28.
Nh2 Nf5 29. Ng4 Nxe3 30. Nf6+ Kg7 31. Rxe3 Red8 32. Rg3 Rh8 33. Qc2 b4 34. Nxg6
fxg6 35. Qxg6+ Kf8 36. Rf3 Bf7 37. Nxd5 1-0

[Event "I Festival A"]
[Site "Fano ITA"]
[Date "2012.08.01"]
[Round "4"]
[White "Di Lascio, Savino"]
[Black "Gromovs, Sergejs"]
[WhiteElo "1946"]
[BlackElo "2233"]
[Result "1-0"]
[PlyCount "49"]
[EventDate "2012.07.30"]

1. e4 e5 2. Nf3 Nc6 3. d4 exd4 4. Nxd4 Bb4+ 5. c3 Ba5 6. Bc4 Qf6 7. O-O Bb6 8.
Be3 d6 9. Nb5 Qe7 10. Bxb6 axb6 11. N1a3 Nf6 12. Nxc7+ Qxc7 13. Nb5 Qe7 14.
Nxd6+ Kf8 15. Bxf7 Bg4 16. f3 Rd8 17. fxg4 Rxd6 18. Bd5 h6 19. h4 Ke8 20. Qb3
Nxg4 21. Rad1 Rf8 22. Bxc6+ Rxc6 23. Rxf8+ Kxf8 24. Rf1+ Ke8 25. Qg8+ 1-0

[Event "I Festival A"]
[Site "Fano ITA"]
[Date "2012.08.01"]
[Round "4"]
[White "Fico, Massimiliano"]
[Black "Pein, Malcolm"]
[WhiteElo "2281"]
[BlackElo "2377"]
[Result "1/2-1/2"]
[PlyCount "68"]
[EventDate "2012.07.30"]

1. e4 d6 2. d4 g6 3. Nc3 Bg7 4. Be3 a6 5. Qd2 Nd7 6. h4 h5 7. Nh3 b5 8. Ng5 Bb7
9. a4 c6 10. Be2 Ngf6 11. O-O Ng4 12. Bf4 e5 13. dxe5 dxe5 14. Bg3 Nc5 15.
Qxd8+ Rxd8 16. b4 f6 17. bxc5 fxg5 18. axb5 axb5 19. Ra7 Rb8 20. Nxb5 cxb5 21.
c6 O-O 22. c7 Rbc8 23. Rxb7 Rf7 24. Bxb5 Rfxc7 25. Rxc7 Rxc7 26. c4 Bf6 27.
hxg5 Bxg5 28. Bxe5 Nxe5 29. f4 Bxf4 30. Rxf4 Nxc4 31. Bxc4+ Rxc4 32. Kf2 Kg7
33. g4 Rc2+ 34. Ke3 hxg4 1/2-1/2

[Event "I Festival A"]
[Site "Fano ITA"]
[Date "2012.08.01"]
[Round "4"]
[White "Gallucci, Alessio"]
[Black "Iasman, Inna"]
[WhiteElo "2245"]
[BlackElo "1970"]
[Result "1-0"]
[PlyCount "59"]
[EventDate "2012.07.30"]

1. e4 c6 2. d4 d5 3. e5 c5 4. dxc5 e6 5. Qg4 Nd7 6. Nf3 Nxc5 7. Nc3 Ne7 8. b4
Nd7 9. Bg5 h6 10. Bh4 g5 11. Bg3 Ng6 12. O-O-O h5 13. Qd4 h4 14. Nxd5 exd5 15.
Qxd5 hxg3 16. e6 f6 17. Bc4 Rh7 18. Rhe1 Be7 19. exd7+ Bxd7 20. Qg8+ Nf8 21.
Bd3 f5 22. Nxg5 gxf2 23. Re2 Qc7 24. Nxh7 Qf4+ 25. Red2 Bxb4 26. Nf6+ Kd8 27.
Nd5 Bxd2+ 28. Rxd2 f1=Q+ 29. Bxf1 Qd6 30. Qg5+ 1-0

[Event "I Festival A"]
[Site "Fano ITA"]
[Date "2012.08.01"]
[Round "4"]
[White "Gambardella, Piero"]
[Black "Rago, Riccardo"]
[WhiteElo "1992"]
[BlackElo "2079"]
[Result "0-1"]
[PlyCount "54"]
[EventDate "2012.07.30"]

1. d4 d5 2. c4 c6 3. cxd5 cxd5 4. Nf3 Nf6 5. Nc3 e6 6. Qb3 Nc6 7. Bg5 Be7 8. e3
O-O 9. Rc1 a6 10. Bd3 h6 11. Bh4 Bd7 12. O-O b5 13. Ne5 Nxe5 14. dxe5 Ng4 15.
Bg3 Bh4 16. Bb1 Bxg3 17. hxg3 Nxe5 18. Qc2 f5 19. Ne2 Rc8 20. Qb3 Qb6 21. Qb4
Ng4 22. Rxc8 Rxc8 23. Qe7 Qd8 24. Qa3 a5 25. Nf4 b4 26. Qb3 Qe8 27. Rd1 Ba4 0-1

[Event "I Festival A"]
[Site "Fano ITA"]
[Date "2012.08.01"]
[Round "4"]
[White "Parpinel, Marco"]
[Black "Pulito, Alberto"]
[WhiteElo "2159"]
[BlackElo "2252"]
[Result "1/2-1/2"]
[PlyCount "52"]
[EventDate "2012.07.30"]

1. e4 d6 2. Nc3 Nf6 3. f4 e5 4. Nf3 Nbd7 5. Bc4 Be7 6. O-O c6 7. d3 b5 8. Bb3
O-O 9. a3 a5 10. Kh1 exf4 11. Bxf4 Nc5 12. Ba2 Ne6 13. Be3 b4 14. Ne2 d5 15.
Ng3 Ba6 16. Ne5 Qc7 17. Nf5 Bd8 18. Ng4 bxa3 19. bxa3 Kh8 20. Rb1 g6 21. Bb6
Qc8 22. Nxf6 gxf5 23. Rxf5 Ng7 24. Bd4 Nxf5 25. Qh5 Bxf6 26. Bxf6+ Ng7 1/2-1/2

[Event "I Festival A"]
[Site "Fano ITA"]
[Date "2012.08.01"]
[Round "4"]
[White "Petrone, Gianmario"]
[Black "Faini, Marco"]
[WhiteElo "1930"]
[BlackElo "1908"]
[Result "1-0"]
[PlyCount "165"]
[EventDate "2012.07.30"]

1. e4 c5 2. Nf3 d6 3. d4 cxd4 4. Nxd4 Nf6 5. Nc3 a6 6. Bg5 e6 7. f4 Be7 8. Qf3
Qc7 9. O-O-O b5 10. g4 Bb7 11. Bxf6 gxf6 12. a3 Nc6 13. Nxc6 Bxc6 14. f5 e5 15.
Nd5 Bxd5 16. Rxd5 Rc8 17. Qd3 O-O 18. h4 h6 19. Kb1 Kg7 20. Rh2 Qa5 21. Qf3 Qb6
22. Rf2 Rh8 23. g5 hxg5 24. hxg5 Rh7 25. g6 fxg6 26. fxg6 Rh6 27. Bh3 Rch8 28.
Bf5 Qc6 29. Qb3 Qe8 30. Qe3 Qb8 31. Rd1 Rh1 32. Rff1 Rxf1 33. Rxf1 Qc7 34. Qb3
Qc4 35. Qxc4 bxc4 36. Rd1 Rb8 37. c3 d5 38. Rxd5 Rd8 39. Ra5 Rd6 40. Ka2 Rb6
41. Rd5 Rb7 42. Rd1 Bc5 43. Rh1 Re7 44. Rh7+ Kg8 45. Rh1 Kg7 46. Rd1 Rc7 47.
Rd8 Be3 48. Rd1 a5 49. Rd5 Ra7 50. Rb5 Bf2 51. Rb8 Rc7 52. Ra8 Ba7 53. Ka1 Bb6
54. Rb8 Be3 55. Rb5 Ra7 56. Rd5 Bf2 57. Rd2 Bc5 58. Rh2 Re7 59. Rh7+ Kg8 60.
Rh1 Kg7 61. Rd1 Rc7 62. Rd5 Kh6 63. Rd8 Kg7 64. Rb8 Be3 65. Kb1 Bf2 66. Kc2 Be3
67. Kd1 Bf2 68. Ke2 Bg1 69. Kf3 Bc5 70. Kg4 a4 71. Kh5 Bd6 72. Be6 Bf8 73. Ra8
Rb7 74. Rxa4 Rxb2 75. Ra7+ Be7 76. Rxe7+ Kf8 77. Rf7+ Ke8 78. g7 Rh2+ 79. Kg4
Rg2+ 80. Kf3 Rg1 81. Rf8+ Ke7 82. g8=Q Rxg8 83. Rxg8 1-0

[Event "I Festival A"]
[Site "Fano ITA"]
[Date "2012.08.01"]
[Round "4"]
[White "Piro, Valerio"]
[Black "Collutiis, Duilio"]
[WhiteElo "2013"]
[BlackElo "2508"]
[Result "0-1"]
[PlyCount "78"]
[EventDate "2012.07.30"]

1. e4 c5 2. c3 d5 3. exd5 Qxd5 4. d4 Nf6 5. Nf3 Nc6 6. Be2 cxd4 7. cxd4 e6 8.
O-O Be7 9. Nc3 Qd6 10. Nb5 Qd8 11. Bf4 Nd5 12. Qd2 O-O 13. Nc3 Bf6 14. Be5 Nxc3
15. Qxc3 Bd7 16. Bxf6 Qxf6 17. Ne5 Rfd8 18. Bf3 Rac8 19. Rfd1 Be8 20. Qe3 b6
21. Nxc6 Bxc6 22. Bxc6 Rxc6 23. Rd2 Rd5 24. Rad1 Qd8 25. Kf1 Qc8 26. Qb3 g5 27.
Ke1 h6 28. Rd3 Qc7 29. g3 Qd7 30. Ke2 Rcd6 31. Qc3 Qd8 32. f3 Qf6 33. Kf2 Kg7
34. Qd2 Qf5 35. g4 Qf6 36. Ke2 h5 37. Qe3 Rd8 38. h3 Rh8 39. h4 hxg4 0-1

[Event "I Festival A"]
[Site "Fano ITA"]
[Date "2012.08.01"]
[Round "4"]
[White "Prohaszka, Peter"]
[Black "Djuric, Stefan"]
[WhiteElo "2562"]
[BlackElo "2442"]
[Result "1-0"]
[PlyCount "41"]
[EventDate "2012.07.30"]

1. d4 Nf6 2. c4 c6 3. Nc3 d6 4. Nf3 Nbd7 5. g3 g6 6. Bg2 Bg7 7. O-O O-O 8. e4
e5 9. h3 Qa5 10. Be3 Qb4 11. Qe2 exd4 12. a3 Qa5 13. Nxd4 Re8 14. Rfd1 a6 15.
b4 Qc7 16. Rac1 Qb8 17. Nb3 b6 18. c5 dxc5 19. bxc5 bxc5 20. Na5 Qc7 21. Nc4
1-0

[Event "I Festival A"]
[Site "Fano ITA"]
[Date "2012.08.01"]
[Round "4"]
[White "Rovedi, Mauro"]
[Black "Cardarelli, Angelo"]
[WhiteElo "2056"]
[BlackElo "1954"]
[Result "0-1"]
[PlyCount "120"]
[EventDate "2012.07.30"]

1. f4 g6 2. Nf3 Bg7 3. Nc3 d5 4. e3 e6 5. b3 Ne7 6. Bb2 c5 7. Bb5+ Nbc6 8. Qe2
a6 9. Bxc6+ Nxc6 10. O-O O-O 11. Na4 b6 12. Bxg7 Kxg7 13. c3 d4 14. e4 Bb7 15.
e5 Rc8 16. Rad1 Ne7 17. Ng5 b5 18. Nb2 c4 19. b4 d3 20. Qf2 h6 21. Nf3 Qd7 22.
Ra1 Nd5 23. Nd4 f6 24. Qg3 Rce8 25. f5 exf5 26. e6 Qd8 27. Nxf5+ Kh7 28. Nh4
Rg8 29. Rae1 g5 30. Nf5 Nf4 31. Rf2 Ne2+ 32. Rfxe2 dxe2 33. Rxe2 Bd5 34. e7
Qb6+ 35. Kf1 Be6 36. Qf3 Rg6 37. g4 Bxf5 38. gxf5 Rg7 39. Re6 g4 40. Qf4 Qb7
41. Rxf6 Qf3+ 42. Qxf3 gxf3 43. Nd1 Rgxe7 44. Ne3 h5 45. Rxa6 Rd8 46. f6 Rf7
47. a4 Rxd2 48. axb5 Rxh2 49. Nxc4 Rc2 50. Ne5 Rf8 51. c4 h4 52. Nxf3 Rd8 53.
Ra7+ Kh6 54. Re7 h3 55. Re2 Rxc4 56. f7 Rf4 57. Re6+ Kg7 58. Ke2 Kxf7 59. Ng5+
Kg7 60. Re3 h2 0-1

[Event "I Festival A"]
[Site "Fano ITA"]
[Date "2012.08.01"]
[Round "4"]
[White "Rubini, Alessandro"]
[Black "Marozzi, Giovanni"]
[WhiteElo "1917"]
[BlackElo "1928"]
[Result "0-1"]
[PlyCount "76"]
[EventDate "2012.07.30"]

1. e4 c5 2. Nf3 e6 3. d4 cxd4 4. Nxd4 a6 5. c4 Nc6 6. Nc3 Bb4 7. Be3 Nge7 8.
Be2 O-O 9. O-O Bxc3 10. bxc3 f5 11. exf5 Nxf5 12. Nxf5 Rxf5 13. Bd3 Rf7 14. c5
Ne5 15. Bxh7+ Kxh7 16. Qh5+ Kg8 17. Qxe5 Rf5 18. Qg3 Qf6 19. Rad1 a5 20. c4 Ra6
21. Rfe1 e5 22. Rd5 d6 23. Red1 e4 24. Rxd6 Rxd6 25. cxd6 Bd7 26. Bd4 Qf7 27.
Qc3 a4 28. a3 Qg6 29. c5 Rf3 30. Be3 Bh3 31. Qc4+ Kh7 32. g3 Qg4 33. Rd2 Rf8
34. Qe2 Qf5 35. Bf4 Bg4 36. Qc4 Bf3 37. Rd4 Qd7 38. h4 Qh3 0-1

[Event "I Festival A"]
[Site "Fano ITA"]
[Date "2012.08.01"]
[Round "4"]
[White "Stella, Andrea"]
[Black "Solodovnichenko, Yuri"]
[WhiteElo "2442"]
[BlackElo "2598"]
[Result "0-1"]
[PlyCount "74"]
[EventDate "2012.07.30"]

1. Nf3 c5 2. c4 Nf6 3. Nc3 e6 4. g3 b6 5. Bg2 Bb7 6. O-O Be7 7. d4 cxd4 8. Qxd4
d6 9. Bg5 O-O 10. Rfd1 Nc6 11. Qd2 Qb8 12. Rac1 Rd8 13. b3 h6 14. Bf4 Ne5 15.
Ne1 Ng6 16. Be3 Bxg2 17. Nxg2 Qb7 18. Nf4 Ne5 19. Nd3 Neg4 20. h3 Nxe3 21. Qxe3
Rac8 22. Nf4 Bf8 23. Qd3 h5 24. Qf3 Qxf3 25. exf3 d5 26. cxd5 Ba3 27. Rc2 Kf8
28. Nfe2 Rxd5 29. Nxd5 Rxc2 30. Nd4 Rb2 31. Nc3 Bb4 32. Na4 Rxa2 33. Nc6 Nd5
34. Nxa7 h4 35. gxh4 Be7 36. Rd4 Ra3 37. Rd3 Ra1+ 0-1

[Event "I Festival A"]
[Site "Fano ITA"]
[Date "2012.08.01"]
[Round "4"]
[White "Tonel, Giulia"]
[Black "Rizzardi, Franco"]
[WhiteElo "1967"]
[BlackElo "2026"]
[Result "1-0"]
[PlyCount "91"]
[EventDate "2012.07.30"]

1. d4 d5 2. c4 c6 3. Nf3 Nf6 4. Nc3 dxc4 5. a4 Bf5 6. e3 e6 7. Bxc4 Bb4 8. O-O
Nbd7 9. h3 h6 10. Qb3 Qb6 11. e4 Bh7 12. e5 Nd5 13. Bxd5 exd5 14. Na2 Be7 15.
Qe3 Nf8 16. b4 Ne6 17. Bd2 O-O 18. Bc3 Qa6 19. Nc1 Qc4 20. Nd2 Qa6 21. f4 b6
22. f5 Bg5 23. Qg3 Nxd4 24. Bxd4 Bxd2 25. e6 f6 26. Qd6 Qc4 27. e7 Qxd4+ 28.
Kh1 Rfe8 29. Nb3 Qxb4 30. Qe6+ Kh8 31. Nxd2 Qxd2 32. Qxc6 Rac8 33. Qd7 Bg8 34.
Rae1 Bf7 35. Qxa7 Rc2 36. Rg1 Qg5 37. Qxb6 Qxf5 38. a5 d4 39. Ref1 Qh5 40. Qb7
Bd5 41. Qd7 Qxh3+ 42. Qxh3 Rxe7 43. Rc1 Re3 44. Qd7 Be4 45. Rxc2 Bxc2 46. Qc8+
1-0

[Event "I Festival A"]
[Site "Fano ITA"]
[Date "2012.08.01"]
[Round "4"]
[White "Varvaglione, Antonio"]
[Black "Laketic, Gojko"]
[WhiteElo "2011"]
[BlackElo "2440"]
[Result "1/2-1/2"]
[PlyCount "22"]
[EventDate "2012.07.30"]

1. e4 a6 2. d4 e6 3. Nc3 d5 4. e5 c5 5. Nf3 Nc6 6. Be2 cxd4 7. Nxd4 Nxe5 8. Bf4
Bd6 9. O-O Nf6 10. Re1 Nf3+ 11. Bxf3 Bxf4 1/2-1/2

[Event "I Festival A"]
[Site "Fano ITA"]
[Date "2012.08.01"]
[Round "4"]
[White "Vincenzi, Marco"]
[Black "Chierici, Marianna"]
[WhiteElo "2103"]
[BlackElo "2050"]
[Result "0-1"]
[PlyCount "86"]
[EventDate "2012.07.30"]

1. e4 Nf6 2. Nc3 d5 3. e5 d4 4. exf6 dxc3 5. fxg7 cxd2+ 6. Bxd2 Bxg7 7. Qf3 Nc6
8. O-O-O Nd4 9. Qg3 Nf5 10. Qa3 Qd6 11. Qxd6 cxd6 12. Bb5+ Bd7 13. Bxd7+ Kxd7
14. Nf3 Rac8 15. Rhe1 Rc4 16. h3 Rhc8 17. c3 Bf6 18. Kb1 Rg8 19. g3 Rc6 20. Bf4
Kc7 21. g4 Nh4 22. Nxh4 Bxh4 23. Rd5 e5 24. Be3 h5 25. gxh5 f5 26. h6 f4 27. h7
Rh8 28. Bxf4 exf4 29. Rh5 Bxf2 30. Re7+ Kb6 31. a4 Rc7 32. Rxc7 Kxc7 33. Kc2
Kd7 34. Kd3 Ke6 35. Ke4 Be3 36. b4 Kf6 37. Rh6+ Kg5 38. Rxd6 Rxh7 39. c4 Kh4
40. Rd1 Kg3 41. Re1 Re7+ 42. Kd3 f3 43. Rb1 Kg2 0-1

[Event "I Festival A"]
[Site "Fano ITA"]
[Date "2012.08.02"]
[Round "5"]
[White "Arnaudov, G. Petar"]
[Black "Brancaleoni, Maurizio"]
[WhiteElo "2486"]
[BlackElo "2224"]
[Result "1-0"]
[PlyCount "53"]
[EventDate "2012.07.30"]

1. Nf3 d5 2. c4 e6 3. g3 Nf6 4. Bg2 dxc4 5. Na3 Bxa3 6. bxa3 b5 7. Ne5 Nd5 8.
d3 Qf6 9. f4 cxd3 10. Qxd3 c6 11. Bb2 O-O 12. O-O Qe7 13. Rac1 Bb7 14. e4 Nb6
15. Qb3 f6 16. Nd3 Nc4 17. Bc3 Nd7 18. e5 a5 19. exf6 Nxf6 20. Bd4 Nd7 21. Rfe1
Qxa3 22. Qxa3 Nxa3 23. Nc5 Nxc5 24. Bxc5 Nc4 25. Bxf8 Kxf8 26. Rxe6 Rc8 27. Bf1
1-0

[Event "I Festival A"]
[Site "Fano ITA"]
[Date "2012.08.02"]
[Round "5"]
[White "Banusz, Tamas"]
[Black "Prohaszka, Peter"]
[WhiteElo "2556"]
[BlackElo "2562"]
[Result "1/2-1/2"]
[PlyCount "46"]
[EventDate "2012.07.30"]

1. c4 c6 2. Nf3 Nf6 3. d4 d5 4. Nc3 a6 5. e3 b5 6. b3 Bg4 7. h3 Bxf3 8. Qxf3 e5
9. dxe5 Bb4 10. Bd2 Bxc3 11. Bxc3 Ne4 12. Bb4 bxc4 13. Qg4 c5 14. f3 cxb4 15.
fxe4 O-O 16. exd5 cxb3 17. Qd4 Nd7 18. axb3 Qg5 19. Qf4 Qg6 20. Qg4 Qh6 21. Qf4
Qg6 22. Qg4 Qh6 23. Qf4 Qg6 1/2-1/2

[Event "I Festival A"]
[Site "Fano ITA"]
[Date "2012.08.02"]
[Round "5"]
[White "Calavalle, Giulio"]
[Black "Fico, Massimiliano"]
[WhiteElo "2185"]
[BlackElo "2281"]
[Result "1-0"]
[PlyCount "47"]
[EventDate "2012.07.30"]

1. e4 Nc6 2. Nc3 Nf6 3. d4 d5 4. e5 Ng8 5. Nce2 Bf5 6. Ng3 Bg6 7. c3 e6 8. Nh3
f6 9. exf6 gxf6 10. Bb5 Bd6 11. Nf4 Qd7 12. Qa4 Nge7 13. Ngh5 Kf7 14. Qd1 Rhg8
15. O-O Rae8 16. Be2 Nd8 17. Kh1 c6 18. Nd3 b6 19. f4 Be4 20. Bf3 Bxd3 21. Qxd3
f5 22. g4 Ng6 23. Bd2 c5 24. gxf5 1-0

[Event "I Festival A"]
[Site "Fano ITA"]
[Date "2012.08.02"]
[Round "5"]
[White "Chierici, Marianna"]
[Black "Gallucci, Alessio"]
[WhiteElo "2050"]
[BlackElo "2245"]
[Result "0-1"]
[PlyCount "110"]
[EventDate "2012.07.30"]

1. d4 Nf6 2. Nc3 d5 3. Bg5 Nbd7 4. f3 c5 5. dxc5 h6 6. Bh4 e6 7. e4 dxe4 8.
fxe4 Bxc5 9. e5 Nxe5 10. Qxd8+ Kxd8 11. O-O-O+ Ke7 12. Ne4 Be3+ 13. Kb1 g5 14.
Nxf6 gxh4 15. Nh5 Bb6 16. Re1 Ng4 17. Nh3 Ne3 18. Bd3 Bd7 19. Be4 Bc6 20. Bxc6
bxc6 21. Re2 Rhg8 22. N5f4 e5 23. Nd3 f6 24. c4 Bd4 25. Nb4 c5 26. Rxe3 cxb4
27. Re2 Rg4 28. Rd1 Bb6 29. b3 Rag8 30. Rdd2 Kf7 31. Rc2 Bd4 32. a3 a5 33. a4
Rd8 34. Rcd2 Rdg8 35. Rc2 h5 36. Rcd2 R8g7 37. Rc2 Kf8 38. Rcd2 Kg8 39. Rc2 Kh8
40. Rcd2 Kh7 41. Rc2 Kg8 42. Rcd2 Kf7 43. Rc2 Ke6 44. Rcd2 Kd6 45. Nf2 Rf4 46.
Ne4+ Kc6 47. Kc2 Rg6 48. Rd3 Rf1 49. Rf3 Rxf3 50. gxf3 f5 51. Nd2 Rg1 52. c5
Kxc5 53. Nc4 h3 54. Nxe5 Bxe5 55. Rxe5+ Kd4 0-1

[Event "I Festival A"]
[Site "Fano ITA"]
[Date "2012.08.02"]
[Round "5"]
[White "Collutiis, Duilio"]
[Black "Caprio, Guido"]
[WhiteElo "2508"]
[BlackElo "2430"]
[Result "1/2-1/2"]
[PlyCount "35"]
[EventDate "2012.07.30"]

1. g3 Nf6 2. Bg2 d5 3. Nf3 c6 4. c4 Bg4 5. Ne5 Be6 6. cxd5 Bxd5 7. Nf3 c5 8.
Nc3 Bc6 9. O-O e6 10. d3 Be7 11. e4 O-O 12. Qe2 b5 13. Ne5 b4 14. Nxc6 Nxc6 15.
e5 Nd4 16. Qd1 Nd7 17. Ne2 Rc8 18. f4 1/2-1/2

[Event "I Festival A"]
[Site "Fano ITA"]
[Date "2012.08.02"]
[Round "5"]
[White "Djuric, Stefan"]
[Black "Parpinel, Marco"]
[WhiteElo "2442"]
[BlackElo "2159"]
[Result "1-0"]
[PlyCount "69"]
[EventDate "2012.07.30"]

1. Nf3 Nf6 2. c4 e6 3. d4 Bb4+ 4. Nbd2 Ne4 5. e3 b6 6. Bd3 Bb7 7. O-O f5 8. Qc2
Bxd2 9. Nxd2 Qh4 10. f3 Ng5 11. d5 Na6 12. Qc3 Nc5 13. Bc2 a5 14. b3 O-O 15.
Bb2 Rf6 16. Qd4 Qh6 17. f4 Nf7 18. e4 fxe4 19. Nxe4 Nxe4 20. Bxe4 exd5 21. cxd5
Nd6 22. Bd3 Raf8 23. Rac1 Rxf4 24. Rxf4 Rxf4 25. Qe5 Rf8 26. Rxc7 Rd8 27. Rc1
Re8 28. Qd4 Qe3+ 29. Qxe3 Rxe3 30. Bf1 Re8 31. Rc7 Re1 32. Kf2 Rb1 33. Be5 Ne4+
34. Ke3 Re1+ 35. Kd4 1-0